000 00227nam a2200097Ia 4500
001 693291
005 20250826161911.0
008 250824s9999 xx 000 0 und d
245 0 _aLord Jim
_cJoseph Conrad
260 _bİLETİŞİM
999 _c693291
_d693291